Indian science abstracts. (Record no. 70990)
[ view plain ]
| 000 -LEADER | |
|---|---|
| fixed length control field | 02133nas a22005657a 4500 |
| 001 - CONTROL NUMBER | |
| control field | dpl |
| 005 - DATE AND TIME OF LATEST TRANSACTION | |
| control field | 20140915110501.0 |
| 006 - FIXED-LENGTH DATA ELEMENTS--ADDITIONAL MATERIAL CHARACTERISTICS--GENERAL INFORMATION | |
| fixed length control field | a|||||r|||||00| 0 |
| 007 - PHYSICAL DESCRIPTION FIXED FIELD--GENERAL INFORMATION | |
| fixed length control field | t| |
| 008 - FIXED-LENGTH DATA ELEMENTS--GENERAL INFORMATION | |
| fixed length control field | 750921c19659999ii mr | a 00| 0 eng |
| 010 ## - LIBRARY OF CONGRESS CONTROL NUMBER | |
| LC control number | sa 65006591 |
| 016 7# - NATIONAL BIBLIOGRAPHIC AGENCY CONTROL NUMBER | |
| Record control number | 59110370R |
| Source | DNLM |
| 016 7# - NATIONAL BIBLIOGRAPHIC AGENCY CONTROL NUMBER | |
| Record control number | I10840000 |
| Source | DNLM |
| 022 ## - INTERNATIONAL STANDARD SERIAL NUMBER | |
| International Standard Serial Number | 0019-6339 |
| Source | z |
| 022 ## - INTERNATIONAL STANDARD SERIAL NUMBER | |
| International Standard Serial Number | 2231-3125 (online) |
| 025 ## - OVERSEAS ACQUISITION NUMBER | |
| Overseas acquisition number | PL480:I-D-E-638 |
| 030 ## - CODEN DESIGNATION | |
| CODEN | IDSAAV |
| 035 ## - SYSTEM CONTROL NUMBER | |
| System control number | (OCoLC)ocm01642963 |
| 040 ## - CATALOGING SOURCE | |
| Original cataloging agency | DLC |
| Transcribing agency | MnMULS |
| Modifying agency | CtY |
| -- | NAlULS |
| -- | NIC |
| -- | OCoLC |
| -- | N |
| -- | AIP |
| -- | NSDP |
| -- | DLC |
| -- | NST |
| -- | OCoLC |
| -- | DNLM |
| -- | OCoLC |
| 042 ## - AUTHENTICATION CODE | |
| Authentication code | nsdp |
| -- | pcc |
| 043 ## - GEOGRAPHIC AREA CODE | |
| Geographic area code | a-ii--- |
| 050 00 - LIBRARY OF CONGRESS CALL NUMBER | |
| Classification number | Q1 |
| Item number | .I54 |
| 060 00 - NATIONAL LIBRARY OF MEDICINE CALL NUMBER | |
| Classification number | ZQ 1 |
| Item number | I39 |
| 082 04 - DEWEY DECIMAL CLASSIFICATION NUMBER | |
| Classification number | 016.5 |
| Item number | qI3996 |
| 130 0# - MAIN ENTRY--UNIFORM TITLE | |
| Uniform title | Indian science abstracts (Delhi, India) |
| 9 (RLIN) | 53194 |
| 210 0# - ABBREVIATED TITLE | |
| Abbreviated title | Indian sci. abstr. |
| 222 #0 - KEY TITLE | |
| Key title | Indian science abstracts |
| 245 10 - TITLE STATEMENT | |
| Title | Indian science abstracts. |
| 246 13 - VARYING FORM OF TITLE | |
| Title proper/short title | ISA |
| 260 ## - PUBLICATION, DISTRIBUTION, ETC. (IMPRINT) | |
| Place of publication, distribution, etc | Delhi, India : |
| Name of publisher, distributor, etc | Indian National Scientific Documentation Centre, |
| Date of publication, distribution, etc | [c1965- |
| 300 ## - PHYSICAL DESCRIPTION | |
| Extent | v. : |
| Other physical details | ill. ; |
| Dimensions | 29 cm. |
| 310 ## - CURRENT PUBLICATION FREQUENCY | |
| Current publication frequency | Half-Monthly |
| 362 0# - DATES OF PUBLICATION AND/OR SEQUENTIAL DESIGNATION | |
| Dates of publication and/or sequential designation | Vol. 1, no. 1 (Jan. 1965)- |
| 500 ## - GENERAL NOTE | |
| General note | Title from cover. |
| 530 ## - ADDITIONAL PHYSICAL FORM AVAILABLE NOTE | |
| Additional physical form available note | Also issued online. |
| 590 ## - LOCAL NOTE (RLIN) | |
| Local note | SERBIB/SERLOC merged record |
| 650 #0 - SUBJECT ADDED ENTRY--TOPICAL TERM | |
| Topical term or geographic name as entry element | Science |
| Form subdivision | Abstracts. |
| 9 (RLIN) | 53195 |
| 650 #0 - SUBJECT ADDED ENTRY--TOPICAL TERM | |
| Topical term or geographic name as entry element | Science |
| Form subdivision | Periodicals. |
| 9 (RLIN) | 53196 |
| 650 #2 - SUBJECT ADDED ENTRY--TOPICAL TERM | |
| Topical term or geographic name as entry element | Bibliography, National |
| Geographic subdivision | India |
| Form subdivision | Abstracts. |
| 9 (RLIN) | 53197 |
| 650 #2 - SUBJECT ADDED ENTRY--TOPICAL TERM | |
| Topical term or geographic name as entry element | Science |
| Geographic subdivision | India |
| Form subdivision | Abstracts. |
| 9 (RLIN) | 53198 |
| 710 2# - ADDED ENTRY--CORPORATE NAME | |
| Corporate name or jurisdiction name as entry element | Indian National Scientific Documentation Centre. |
| 9 (RLIN) | 53199 |
| 780 00 - PRECEDING ENTRY | |
| Title | Bibliography of scientific publications of South and South East Asia |
| International Standard Serial Number | 0409-4166 |
| Record control number | (DLC)sa 64000235 |
| -- | (OCoLC)1612087 |
| 856 ## - ELECTRONIC LOCATION AND ACCESS | |
| Uniform Resource Identifier | <a href="http://www.niscair.res.in/ScienceCommunication/sci.asp?a=topframe.htm&b=leftcon.asp&c=AbstractingJournals/isa.asp&d=test2">http://www.niscair.res.in/ScienceCommunication/sci.asp?a=topframe.htm&b=leftcon.asp&c=AbstractingJournals/isa.asp&d=test2</a> |
| 856 ## - ELECTRONIC LOCATION AND ACCESS | |
| Uniform Resource Identifier | <a href="http://www.niscair.res.in/ScienceCommunication/sci.asp?a=topframe.htm&b=leftcon.asp&c=AbstractingJournals/abstracting_journals.htm&d=test2">http://www.niscair.res.in/ScienceCommunication/sci.asp?a=topframe.htm&b=leftcon.asp&c=AbstractingJournals/abstracting_journals.htm&d=test2</a> |
| 270 ## - ADDRESS | |
| Address | 14, Satsang Vihar Marg |
| City | New Delhi |
| Postal code | 110067 |
| Telephone number | 011-26968427 |
| 906 ## - LOCAL DATA ELEMENT F, LDF (RLIN) | |
| a | 7 |
| b | cbc |
| c | serials |
| d | u |
| e | ncip |
| f | 19 |
| g | n-oclcserc |
| 942 ## - ADDED ENTRY ELEMENTS (KOHA) | |
| Source of classification or shelving scheme | Dewey Decimal Classification |
| Item type | Periodicals |
| Classification part | 016.5 |
| Call number suffix | IND |
| Serial record | 1 |
| Withdrawn status | Lost status | Source of classification or shelving scheme | Damaged status | Not for loan | Home library | Current library | Date acquired | Total Checkouts | Full call number | Date last seen | Price effective from | Koha item type |
|---|---|---|---|---|---|---|---|---|---|---|---|---|
| Dewey Decimal Classification | Not For Loan | D.B.Act.Division | D.B.Act.Division | 18/10/2012 | 016.5 IND | 18/10/2012 | 18/10/2012 | Periodicals |
